| 000 | 00602nam a2200217Ia 4500 | ||
|---|---|---|---|
| 001 | 1951 | ||
| 003 | GE_BSU | ||
| 008 | 181216s||||||||xx |||||||||||||| ||und|| | ||
| 020 | _a9785469012306 | ||
| 040 | _cGE_BSU | ||
| 080 | _a34(035) | ||
| 100 | _aТимофеева,К.В. | ||
| 245 | _aЮридический справочник на все случаи жизни | ||
| 260 | _aСПБ | ||
| 260 | _bПитер | ||
| 260 | _c2007 | ||
| 300 | _a320стр. 19см. | ||
| 541 | _h10л. | ||
| 653 | _aЮридический справочник на все случаи жизни | ||
| 942 | _cBK | ||
| 999 |
_c36051 _d36051 |
||